[Event "Karl Mala Memorial op 14th"]
[Site "Frankfurt"]
[Date "2011.07.09"]
[Round "5"]
[White "Froehlich Dill, Astrid"]
[Black "Link, Matthias"]
[Result "1-0"]
[WhiteElo "1936"]
[BlackElo "1673"]
[PlyCount "79"]
[EventDate "2011.07.07"]
[EventType "swiss"]
[EventRounds "7"]
[EventCountry "GER"]
[SourceTitle "EXT 2012"]
[Source "ChessBase"]
[SourceDate "2011.11.24"]
[SourceVersion "1"]
[SourceVersionDate "2011.11.24"]
[SourceQuality "1"]

1. d4 e5 2. dxe5 Nc6 3. Nf3 Qe7 4. Nc3 Nxe5 5. e3 c6 6. Be2 d5 7. 0-0 f5 8. Nxe5 Qxe5 9. f4 Qd6 10. b3 Be6 11. a4 Nf6 12. Ba3 Qd7 13. b4 a6 14. a5 Bd6 15. Na4 Qe7 16. Qd4 0-0 17. Rab1 Rae8 18. Nc5 Bf7 19. Bd3 Bxc5 20. bxc5 Ne4 21. Rb6 Rb8 22. Rfb1 Nd2 23. Rd1 Nc4 24. Bxc4 dxc4 25. Bb2 Bh5 26. Qxc4+ Kh8 27. Re1 Rfd8 28. Be5 Rbc8 29. Bd6 Qd7 30. Reb1 Re8 31. Qc3 Qe6 32. Be5 Re7 33. Rxb7 Be2 34. Bxg7+ Kg8 35. Rxe7 Qxe7 36. Be5 Kf7 37. Qb3+ Qe6 38. Qb7+ Kg6 39. Qg7+ Kh5 40. Qg5# 1-0

[Event "Karl Mala Memorial op 14th"]
[Site "Frankfurt"]
[Date "2011.07.07"]
[Round "1"]
[White "Nuding, Matthias"]
[Black "Link, Matthias"]
[Result "1-0"]
[WhiteElo "2135"]
[BlackElo "1673"]
[PlyCount "81"]
[EventDate "2011.07.07"]
[EventType "swiss"]
[EventRounds "7"]
[EventCountry "GER"]
[SourceTitle "EXT 2012"]
[Source "ChessBase"]
[SourceDate "2011.11.24"]
[SourceVersion "1"]
[SourceVersionDate "2011.11.24"]
[SourceQuality "1"]

1. d4 e5 2. d5 d6 3. e4 Nf6 4. Bd3 g6 5. Ne2 Nbd7 6. Nbc3 Bg7 7. f3 a5 8. Be3 0-0 9. Qd2 Ne8 10. g4 Nc5 11. 0-0-0 Nxd3+ 12. cxd3 f6 13. h4 Bd7 14. Rdg1 b5 15. f4 exf4 16. Nxf4 Qc8 17. Qg2 b4 18. Nce2 c6 19. Kb1 a4 20. dxc6 Qxc6 21. Nd4 Qa6 22. Qd2 b3 23. a3 Rc8 24. Nd5 Rf7 25. Nb4 Qb7 26. h5 f5 27. gxf5 gxf5 28. h6 fxe4 29. hxg7 Bf5 30. Nxf5 Rxf5 31. Rxh7 Nxg7 32. Rh2 Rcf8 33. Qg2 Qf7 34. Rhh1 Qf6 35. Qxg7+ Qxg7 36. Rxg7+ Kxg7 37. Bh6+ Kg6 38. Bxf8 Rxf8 39. dxe4 Rf4 40. Re1 Kf6 41. Nd5+ 1-0

[Event "Main Vogelsberg op 6th"]
[Site "Hanau"]
[Date "2011.06.02"]
[Round "1"]
[White "Tran, My Linh"]
[Black "Link, Matthias"]
[Result "1-0"]
[WhiteElo "1874"]
[BlackElo "1455"]
[PlyCount "83"]
[EventDate "2011.06.02"]
[EventType "swiss"]
[EventRounds "7"]
[EventCountry "GER"]
[SourceTitle "CBM 142 Extra"]
[Source "ChessBase"]
[SourceDate "2011.06.27"]
[SourceVersion "1"]
[SourceVersionDate "2011.06.27"]
[SourceQuality "1"]

1. e4 c6 2. d4 d5 3. exd5 cxd5 4. Bd3 Nc6 5. c3 Nf6 6. Bf4 g6 7. Nd2 Bg7 8. Ngf3 0-0 9. h3 a6 10. 0-0 Re8 11. Re1 Nd7 12. Qb3 e5 13. dxe5 Ndxe5 14. Nxe5 Nxe5 15. Bxe5 Rxe5 16. Rxe5 Bxe5 17. Nf3 Bg7 18. Rd1 b5 19. Be4 Bb7 20. Bxd5 Bxd5 21. Qxd5 Qxd5 22. Rxd5 Re8 23. Kf1 Bh6 24. Rd6 Bc1 25. b3 Rc8 26. Rxa6 Rxc3 27. Nd4 b4 28. Nc6 Ba3 29. g3 Rc1+ 30. Kg2 Rc2 31. Kf3 Rxa2 32. Nxb4 Rxf2+ 33. Kxf2 Bxb4 34. Ke3 f5 35. Kd4 Be1 36. g4 f4 37. Ke4 g5 38. Ra7 Bb4 39. Rb7 Bd6 40. b4 Kf8 41. b5 h6 42. Rh7 1-0

[Event "Karl Mala Memorial op 13th"]
[Site "Frankfurt"]
[Date "2010.07.11"]
[Round "7"]
[White "Hirschmann, Jakob"]
[Black "Link, Matthias"]
[Result "1/2-1/2"]
[WhiteElo "1770"]
[BlackElo "1468"]
[PlyCount "43"]
[EventDate "2010.07.08"]
[EventType "swiss"]
[EventRounds "7"]
[EventCountry "GER"]
[SourceTitle "EXT 2012"]
[Source "ChessBase"]
[SourceDate "2011.11.24"]
[SourceVersion "1"]
[SourceVersionDate "2011.11.24"]
[SourceQuality "1"]

1. e4 c6 2. d4 d5 3. exd5 cxd5 4. Bd3 Nc6 5. c3 Nf6 6. Bf4 Bg4 7. Nf3 e6 8. Nbd2 Bd6 9. Bxd6 Qxd6 10. 0-0 0-0 11. h3 Bxf3 12. Nxf3 a6 13. Re1 b5 14. a3 Rab8 15. Ne5 Na5 16. g4 Nc4 17. Rb1 Nd7 18. Nxd7 Qxd7 19. f4 Qd6 20. Bxc4 bxc4 21. Qf3 Rb3 22. f5 1/2-1/2

[Event "Hessen-ch Gr-E 64th"]
[Site "Bad Vilbel"]
[Date "2010.04.03"]
[Round "4"]
[White "Link, Matthias"]
[Black "Honert, Stefan"]
[Result "1-0"]
[WhiteElo "1326"]
[BlackElo "1297"]
[PlyCount "97"]
[EventDate "2010.03.31"]
[EventType "swiss"]
[EventRounds "5"]
[EventCountry "GER"]
[SourceTitle "EXT 2011"]
[Source "ChessBase"]
[SourceDate "2010.11.26"]
[SourceVersion "1"]
[SourceVersionDate "2010.11.26"]
[SourceQuality "1"]

1. Nf3 d5 2. g3 e6 3. Bg2 c5 4. d3 Nc6 5. Nbd2 Nf6 6. 0-0 Be7 7. e4 0-0 8. c3 e5 9. a3 dxe4 10. dxe4 Bg4 11. h3 Bd7 12. Re1 Qc7 13. a4 Rad8 14. Qc2 Qc8 15. Kh2 Na5 16. Nxe5 Be6 17. Nef3 h6 18. c4 Qc7 19. Kg1 Qd7 20. Qc3 Nc6 21. h4 Qd3 22. Re3 Qxc3 23. Rxc3 Nb4 24. Ne1 b6 25. Nc2 Nd3 26. Nf1 Ng4 27. f4 h5 28. b3 Bf6 29. e5 Be7 30. Nce3 Nxe3 31. Nxe3 Nb4 32. Ba3 f6 33. f5 Bc8 34. Nd5 Nxd5 35. Bxd5+ Kh7 36. e6 g6 37. Rf3 g5 38. hxg5 fxg5 39. Bb2 Bf6 40. Bxf6 Rxf6 41. Re1 Re8 42. Re5 Re7 43. Rf2 g4 44. Rh2 Kh6 45. Rd2 Kg5 46. Be4 Rh6 47. Rd8 Ba6 48. Rf8 Rhh7 49. f6+ 1-0